Psicología social / (Registro nro. 149)
[ vista simple ]
| 000 -LEADER | |
|---|---|
| fixed length control field | 01510nam a2200301Ia 4500 |
| 003 - CONTROL NUMBER IDENTIFIER | |
| control field | PE SENCICO BE |
| 005 - DATE AND TIME OF LATEST TRANSACTION | |
| control field | 20251020182427.0 |
| 008 - FIXED-LENGTH DATA ELEMENTS--GENERAL INFORMATION | |
| fixed length control field | 200515s9999 xx 000 0 und d |
| 020 ## - INTERNATIONAL STANDARD BOOK NUMBER | |
| International Standard Book Number | 84-368-0196-2 |
| 040 ## - CATALOGING SOURCE | |
| Original cataloging agency | PE SENCICO BE |
| Transcribing agency | PE SENCICO BE |
| 041 ## - LANGUAGE CODE | |
| Language code of text/sound track or separate title | spa |
| 082 ## - DEWEY DECIMAL CLASSIFICATION NUMBER | |
| Classification number | 302 |
| Item number | L22 |
| 100 1# - MAIN ENTRY--PERSONAL NAME | |
| Personal name | Lamberth, John |
| 9 (RLIN) | 2338 |
| Relator term | autor |
| 245 10 - TITLE STATEMENT | |
| Title | Psicología social / |
| Statement of responsibility, etc. | John Lamberth |
| 250 ## - EDITION STATEMENT | |
| Edition statement | 2a ed. |
| 260 ## - PUBLICATION, DISTRIBUTION, ETC. | |
| Place of publication, distribution, etc. | Madrid : |
| Name of publisher, distributor, etc. | Pirámide ; |
| Date of publication, distribution, etc. | 1986 |
| 300 ## - PHYSICAL DESCRIPTION | |
| Extent | 671 p. : |
| Other physical details | graf. ; |
| Dimensions | 23 cm. |
| 490 ## - SERIES STATEMENT | |
| Series statement | Colección Psicología |
| 505 0# - FORMATTED CONTENTS NOTE | |
| Formatted contents note | La psicología social. El punto de vista teórico -- La metodología de la psicología social -- Comunicación. La base de interacción social -- El desarrollo de la persona -- Actitudes y cambio de actitudes -- Prejuicio, Discriminación y movimiento de liberación -- La influencia social: su utilización y sus efectos -- Agresión y violencia -- Atracción y amor -- Altruismo -- Conducta de grupo -- Psicología ambiental -- Psicología social aplicada. |
| 520 3# - SUMMARY, ETC. | |
| Summary, etc. | Permite la familiarización paulatina con las técnicas de investigación psicosocial, a la vez que delimita su campo, diferenciándolo de otros enfoques afines, como lo propios de la antropología y de la sociología. |
| 650 10 - SUBJECT ADDED ENTRY--TOPICAL TERM | |
| Topical term or geographic name entry element | Psicología social |
| 9 (RLIN) | 2299 |
| 650 20 - SUBJECT ADDED ENTRY--TOPICAL TERM | |
| Topical term or geographic name entry element | Comunicación social |
| 9 (RLIN) | 2320 |
| 650 20 - SUBJECT ADDED ENTRY--TOPICAL TERM | |
| Topical term or geographic name entry element | Psicología ambiental |
| 9 (RLIN) | 2288 |
| 650 20 - SUBJECT ADDED ENTRY--TOPICAL TERM | |
| Topical term or geographic name entry element | Conducta humana |
| 9 (RLIN) | 2300 |
| 650 20 - SUBJECT ADDED ENTRY--TOPICAL TERM | |
| Topical term or geographic name entry element | Relaciones interpersonales |
| 9 (RLIN) | 2328 |
| 650 20 - SUBJECT ADDED ENTRY--TOPICAL TERM | |
| Topical term or geographic name entry element | Agresión |
| 9 (RLIN) | 2339 |
| 942 ## - ADDED ENTRY ELEMENTS (KOHA) | |
| Koha item type | Libros |
| Source of classification or shelving scheme | Dewey Decimal Classification |
| Fecha de la última vez que lo usaron | Número de ingreso o de inventario | Pago total | Signatura topográfica completa | Código de barras | Precio efectivo desde | Tipo de documento | Estado perdido | Sistema de clasificación | Estado dañado | No es para préstamo | Retirado | Ubicación permanente | Ubicación actual | Fecha de adquisición |
|---|---|---|---|---|---|---|---|---|---|---|---|---|---|---|
| 15/05/2020 | 7329 | 302/L22/1986 | BibLima24060048 | 15/05/2020 | Libros | Dewey Decimal Classification | Biblioteca Central Lima | Biblioteca Central Lima | 15/05/2020 |